La justificacin̤ de la decisin̤ judicial

Detalles Bibliográficos
Autor principal: Canale, Damiano
Otros Autores: Tuzet, Giovanni
Formato: eBook
Lenguaje:español
Publicado: Lima: Palestra Editores, 2021
Materias:
Acceso en línea:Acceso restringido

MARC

LEADER 00000nam a22000007a 4500
005 2022082202242.0
007 cr|||| ||||
008 220822s2021 pe |||||s|||| 00||0 spa d
020 |a 9786123251840 
035 |a 36914 
040 |a vLex 
090 |c 13770  |d 13770 
100 1 |a Canale, Damiano 
245 1 2 |a La justificacin̤ de la decisin̤ judicial  |h [Recurso electrn̤ico] /  |c Damiano Canale, Giovanni Tuzet 
256 |a Servicio en ln̕ea 
260 |a Lima:  |b Palestra Editores,  |c 2021 
300 |a 1 recurso electrn̤ico 
500 |a La presente obra inicia explicando qu ̌es la argumentacin̤ jurd̕ica y presentando el modelo del silogismo judicial, articulado a continuacin̤ mediante la distincin̤ entre justificacin̤ interna y justificacin̤ externa de la decisin̤ judicial. Son despuš diferenciados y distinguidos los principales argumentos utilizados en los m̀bitos de cada una de las formas de justificacin̤ principales: los argumentos probatorios (relativos a la justificacin̤ externa de la premisa fc̀tica) y los argumentos interpretativos o integradores (relativos a la justificacin̤ externa de la premisa normativa). En sn̕tesis, el objetivo de este estudio es tomar conciencia de los principales instrumentos del razonamiento y de la argumentacin̤ en el campo jurd̕ico para comprenderlos y usarlos mejor. 
506 1 |a Disponible solo en los productos indicados  |d vLex Global  |d vLex Global (Academic Edition, excluding Law Schools)  |d vLex Global (U.S. Academic Edition, Law Schools)  |d vLex Global (U.S. Academic Edition, excluding Law Schools)  |d vLex Global (Academic Edition, Law Schools) 
650 0 4 |a Derecho Militar  |z Per︢ 
650 0 4 |a Filosofa̕ y religin̤  |z Per︢ 
700 1 |a Tuzet, Giovanni 
740 0 |a vLex Libros (Servicio en ln̕ea) 
856 4 0 |u https://app.vlex.com/#/sources/36914  |z Acceso restringido 
942 |c BOOK 
999 0 |a Military Law 
999 0 |a Philosophy and religion